Tratado de Derecho del Trabajo Tomo I

Bibliographic Details
Main Author: Capn̤ Filas, Rodolfo
Format: eBook
Language:Spanish
Published: La Plata: Editora Platense, 2014
Subjects:
Online Access:Acceso restringido

MARC

LEADER 00000nam a22000007a 4500
005 20150406225323.0
007 cr|||| |||
008 150406s2014 ar |||||s|||| 00||0 spa d
020 |a 978-950-536-256-1 
035 |a 12636 
040 |a vLex 
090 |c 5383  |d 5383 
100 1 |a Capn̤ Filas, Rodolfo 
245 1 0 |a Tratado de Derecho del Trabajo  |h [Recurso electrn̤ico] /  |c Rodolfo Capn̤ Filas  |n Tomo I 
256 |a Servicio en ln̕ea 
260 |a La Plata:  |b Editora Platense,  |c 2014 
300 |a 1 recurso electrn̤ico 
506 1 |a Disponible solo en los productos indicados  |d vLex Global  |d vLex Global (Academic Edition, excluding Law Schools)  |d vLex Global (U.S. Academic Edition, Law Schools)  |d vLex Global (U.S. Academic Edition, excluding Law Schools)  |d vLex Global (Academic Edition, Law Schools) 
650 0 4 |a Derecho Laboral y Seguridad Social  |z Argentina 
740 0 |a vLex Libros (Servicio en ln̕ea) 
856 4 0 |u http://vlex.com/source/tratado-derecho-trabajo-tomo-i-12636  |z Acceso restringido 
942 |c BOOK 
999 0 |a Labor and Social Security